współczesne państwa imperium brytyjskiego - Statystyki

Ogólne statystyki
  • Ten quiz został rozwiązany 6 razy
  • Średni wynik to 44 z 64
Statystyki odpowiedzi
Wskazówka Odpowiedź % Poprawnych
afryka 1 1 1 1 egipt
100%
afryka 11 11 11 11 sudan
100%
ameryka północna 26 26 26 26 bahamy
83%
ameryka północna 25 25 25 25 barbados
83%
ameryka północna 22 22 22 22 belize
83%
ameryka północna 27 27 27 27 dominika
83%
afryka 3 3 3 3 eSwatini
83%
afryka 21 21 21 21 gambia
83%
ameryka północna 28 28 28 28 grenada
83%
ameryka południowa 31 31 31 31 gujana
83%
azja 41 41 41 41 indie
83%
ameryka północna 24 24 24 24 jamajka
83%
ameryka północna 30 30 30 30 kanada
83%
afryka 16 16 16 16 malawi
83%
afryka 20 20 20 20 namibia
83%
afryka 7 7 7 7 nigeria
83%
afryka 2 2 2 2 republika południowej afryki
83%
afryka 8 8 8 8 somalia
83%
afryka 12 12 12 12 sudan południowy
83%
afryka 18 18 18 18 tanzania
83%
afryka 13 13 13 13 uganda
83%
afryka 17 17 17 17 zambia
83%
afryka 15 15 15 15 zimbabwe
83%
australia i oceania 48 48 48 48 australia
67%
afryka 19 19 19 19 botswana
67%
azja 46 46 46 46 brunei
67%
afryka 9 9 9 9 erytrea
67%
australia i oceania 59 59 59 59 fidżi
67%
azja 33 33 33 33 irak
67%
azja 36 36 36 36 izrael
67%
afryka 14 14 14 14 kenia
67%
afryka 4 4 4 4 lesotho
67%
azja 35 35 35 35 liban
67%
afryka 5 5 5 5 libia
67%
azja 44 44 44 44 malediwy
67%
azja 42 42 42 42 mjanma
67%
australia i oceania 58 58 58 58 nauru
67%
australia i oceania 50 50 50 50 nowa zelandia
67%
azja 45 45 45 45 pakistan
67%
australia i oceania 57 57 57 57 palau
67%
australia i oceania 49 49 49 49 papua nowa gwinea
67%
australia i oceania 61 61 61 61 samoa
67%
afryka 10 10 10 10 sierra leone
67%
ameryka północna 29 29 29 29 stany zjednoczone
67%
australia i oceania 55 55 55 55 tonga
67%
ameryka północna 23 23 23 23 trynidad i tobago
67%
australia i oceania 60 60 60 60 tuvalu
67%
australia i oceania 53 53 53 53 wyspy marshalla
67%
australia i oceania 52 52 52 52 wyspy salomona
67%
Europa 63 63 63 63 cypr
50%
afryka 6 6 6 6 ghana
50%
europa 62 62 62 62 irlandia
50%
azja 34 34 34 34 jordania
50%
australia i oceania 54 54 54 54 kiribati
50%
azja 32 32 32 32 kuwejt
50%
azja 40 40 40 40 malezja
50%
Europa 64 64 64 64 malta
50%
australia i oceania 56 56 56 56 mikronezja
50%
azja 38 38 38 38 oman
50%
azja 43 43 43 43 sri lanka
50%
australia i oceania 51 51 51 51 vanuatu
50%
azja 39 39 39 39 zjednoczone emiraty arabskie
50%
azja 37 37 37 37 jemen
33%
azja 47 47 47 47 singapur
33%
Nie znaleziono quizów pasujących do podanych kryteriów
Rozkład punktacji
Procent ludzi z każdym wynikiem
Percentyl według liczby udzielonych odpowiedzi
Twoja historia wyników
Nie rozwiązałeś tego quizu